logo

Bir Sreshtho Munshi Abdur Rouf Library
Jhenaidah Cadet College

সমাজসেবক আলাউদ্দিন আহমেদ : জীবন ও সমাজকল্যাণ / (Record no. 9428)

MARC details
000 -LEADER
fixed length control field 00847nam a22002297a 4500
001 - CONTROL NUMBER
JCCL Control Number 9428
003 - CONTROL NUMBER IDENTIFIER
JCCL marc code BD-JhCC
005 - DATE AND TIME OF LATEST TRANSACTION
control field 20180314115459.0
008 - FIXED-LENGTH DATA ELEMENTS--GENERAL INFORMATION
fixed length control field 180314b1998 bg ||||| |||| 00| 0 ben d
035 ## - SYSTEM CONTROL NUMBER
system control number (BD-JhCC)9428
040 ## - CATALOGING SOURCE
Original cataloging agency BD-JhCC
Modifying agency BD-JhCC
041 ## - LANGUAGE CODE
Language code of Book ben
082 ## - DEWEY DECIMAL CLASSIFICATION NUMBER
Classification number 363.92
Author mark and Year HAQ 1998
100 ## - MAIN ENTRY--PERSONAL NAME
Personal name হক, ডক্টর খোন্দকার রিয়াজুল
245 ## - TITLE STATEMENT
Title সমাজসেবক আলাউদ্দিন আহমেদ : জীবন ও সমাজকল্যাণ /
Statement of responsibility, etc ডক্টর খোন্দকার রিয়াজুল হক
260 ## - PUBLICATION, DISTRIBUTION, ETC. (IMPRINT)
Place of publication, distribution, etc ঢাকা :
Name of publisher, distributor, etc লালন পরিষদ কেন্দ্রীয় সংসদ, ঢাকা
300 ## - PHYSICAL DESCRIPTION
Pagination 323 p. :
Other physical details ii
Dimensions 21 cm.
650 ## - SUBJECT ADDED ENTRY--TOPICAL TERM
Topical term or geographic name as entry element Bocial Work
650 ## - SUBJECT ADDED ENTRY--TOPICAL TERM
Topical term or geographic name as entry element Biography
942 ## - ADDED ENTRY ELEMENTS (KOHA)
Source of classification or shelving scheme Dewey Decimal Classification
Koha item type Books
Holdings
Source of classification or shelving scheme Damaged status Not for loan Home library Current library Shelving location Date of accession Cost, normal purchase price Total Checkouts Full call number Barcode Date last seen Copy number Koha item type Method of acquisition Currency Source of acquisition Date checked out
Dewey Decimal Classification     JCC Rouf Library JCC Rouf Library General Stacks 03/14/2018 300.00   363.92 HAQ 1998 12629 03/14/2018 C-2 Books        
Dewey Decimal Classification     JCC Rouf Library JCC Rouf Library General Stacks 03/14/2018 300.00   363.92 HAQ 1998 12628 03/14/2018 C-2 Books Purchase      
Dewey Decimal Classification     JCC Rouf Library JCC Rouf Library General Stacks 03/14/2018 300.00   363.92 HAQ 1998 12627 03/14/2018 C-3 Books        
Dewey Decimal Classification     JCC Rouf Library JCC Rouf Library General Stacks   300.00 1 363.92 HAQ 1998 19219 03/03/2025 C-4 Books Gift/Donation BDT With The Compliments Of 7th Intake 03/03/2025

JCC Library | Contacts | JCC Home

Last Update on 23 September 2017
Copyright @ 2017-2020 JCC Rouf Library
Rouf Library, Jhenidah Cadet College (JCC), Bangladesh